Vista normal
Vista MARC
Entrada Personal Name
Número de registros utilizados en: 3
001 - CONTROL NUMBER
- control field: 2
003 - CONTROL NUMBER IDENTIFIER
- control field: OSt
005 - DATE AND TIME OF LATEST TRANSACTION
- control field: 20110624094040.0
008 - FIXED-LENGTH DATA ELEMENTS
- fixed length control field: 110624|||a|||||| | ||| d
040 ## - CATALOGING SOURCE
- Original cataloging agency: OSt
- Transcribing agency: OSt
100 ## - HEADING--PERSONAL NAME
- Personal name: Möller, Torsten B.
670 ## - SOURCE DATA FOUND
- Source citation: Work cat.: (OSt)811: Möller, Torsten B., Atlas de bolsillo de cortes Anatâomicos : 3, Columna vertebral. Extremidades y Articulaciones., 2009.